Zabezpečenie bezdrôtových WIFI sietí
Aktuálny stav zabezpečenia bezdrôtových WIFI sietí. Rozdiel medzi WEP (Wired equivalent privacy) a WPA (WIFI protected access). Útok na bezdrôtovú sieť.
Salvato in:
| Autore principale: | |
|---|---|
| Natura: | Capitolo di libro |
| Lingua: | slovacco |
| Soggetti: | |
| Tags: |
Nessun Tag, puoi essere il primo ad aggiungerne!!
|
MARC
| LEADER | 00000nla$a2200000$$$4500 | ||
|---|---|---|---|
| 001 | 0114201 | ||
| 005 | 20240502072254.9 | ||
| 041 | 0 | |a slo | |
| 044 | |a SK | ||
| 245 | 1 | 0 | |a Zabezpečenie bezdrôtových WIFI sietí |c Marián Šedivý |
| 520 | |a Aktuálny stav zabezpečenia bezdrôtových WIFI sietí. Rozdiel medzi WEP (Wired equivalent privacy) a WPA (WIFI protected access). Útok na bezdrôtovú sieť. | ||
| 610 | 2 | 0 | |a technológie informačné |
| 610 | 2 | 0 | |a technológie komunikačné |
| 610 | 2 | 0 | |a informatika |
| 610 | 2 | 0 | |a počítače |
| 610 | 2 | 0 | |a internet |
| 610 | 2 | 0 | |a siete počítačové |
| 100 | 1 | |a Šedivý, Marián | |